000 00360nam a2200145Ia 4500
008 151213s9999 xx 000 0 und d
100 _aMartin Scotied
245 _aWordsworth & Coleridge
_cMartin Scotied
260 _aLondon
_bWards warth
_c2003
300 _a2127 p.
650 _aEnglish
650 _aEnglish
700 _aMartin Scotied
999 _c1567
_d1567